|
|
|
|
| LEADER |
00000nab a2200000 a 4500 |
| 001 |
vtls000768174 |
| 003 |
SK-MaSNL |
| 005 |
20260304124209.0 |
| 008 |
250429c xo 0 slo |
| 015 |
|
|
|a SNBRB2001/09-26597
|
| 035 |
|
|
|a CLN000119961
|
| 035 |
|
|
|a (urnnbn)urn:nbn:sk:snk:ar-00715n
|
| 035 |
|
|
|a (uuid)431a2d20-56b0-4cb3-b751-06697e5070e1
|
| 035 |
|
|
|a urn:nbn:sk:snk-ab89x9
|
| 040 |
|
|
|a SNKBUCL
|b slo
|c SNKBUCL
|e AACR2
|
| 041 |
0 |
|
|a slo
|
| 044 |
|
|
|a xo
|c SK
|
| 080 |
|
|
|a 528.9(437.6):912:551.4:712
|2 1997
|
| 080 |
|
|
|a 912(437.6):551.4
|2 1997
|
| 080 |
|
|
|a 712(437.6)
|2 1997
|
| 245 |
0 |
0 |
|a Mapa prírodnej krajiny a krajinnej pokrývky Slovenska
|c Ján Oťaheľ ... [et al.]
|
| 300 |
|
|
|b Obr., sch.
|
| 504 |
|
|
|a Bibliogr. odkazy
|
| 546 |
|
|
|a Res. angl., slov.
|
| 630 |
0 |
7 |
|a Mapa prírodnej krajiny a krajinnej pokrývky Slovenska 1:500 000
|x tvorba
|2 snkbucl
|9 1434739
|
| 650 |
0 |
7 |
|a prírodná krajina
|2 snkbucl
|9 51587
|
| 650 |
0 |
7 |
|a mapy krajinnej pokrývky
|2 snkbucl
|9 119187
|
| 650 |
0 |
7 |
|a krajinná pokrývka
|2 snkbucl
|9 79783
|
| 700 |
1 |
|
|a Oťaheľ, Ján,
|d 1949-
|4 aut
|9 14640
|
| 700 |
1 |
|
|a Pravda, Ján,
|d 1934-2010
|4 aut
|9 102220
|
| 700 |
1 |
|
|a Feranec, Ján,
|d 1951-
|4 aut
|9 98333
|
| 700 |
1 |
|
|a Husár, Karol,
|d 1956-
|4 aut
|9 9234
|
| 700 |
1 |
|
|a Cebecauer, Tomáš
|4 aut
|9 11906
|
| 773 |
0 |
|
|t Geodetický a kartografický obzor
|g Roč. 47 (89), č. 8-9 (2001), s. 204-208
|x 0016-7096
|
| 850 |
|
|
|a Slovenská národná knižnica
|
| 852 |
|
|
|a Slovenská národná knižnica
|
| 954 |
|
|
|a odborná, vedecká literatúra pôvodná (slovenská)
|2 lita
|
| 958 |
|
|
|a article9
|
| 958 |
|
|
|a NB
|
| 958 |
|
|
|a SK
|
| 958 |
|
|
|a OND
|
| 958 |
|
|
|a EUIPO
|
| 999 |
|
|
|c 2890803
|d 2892733
|